Slovensko-ruské relácie

Bibliographic Details
Main Author: Červeňák, Andrej, 1932-2012 (Author)
Format: Article
Language:Slovak
PhysicalDescription:Fotogr.
ISSN:1335-180X
Subjects:

MARC

LEADER 00000nab a2200000 a 4500
001 vtls000673061
003 SK-MaSNL
005 20260304181125.0
008 250426c1998 xo 0 slo
015 |a SNBRB1998/10-27706 
035 |a CLN000025237 
035 |a urn:nbn:sk:snk-ab7ebc 
035 |a (uuid)fd3ab709-636e-45a3-b22e-f2d036a47a91 
035 |a (urnnbn)urn:nbn:sk:snk:ar-a07wsz 
035 |a (sysno)vtls000673061 
040 |a SNKBUCL  |b slo  |c SNKBUCL  |e AACR2 
041 0 |a slo 
044 |a xo  |c SK 
080 |a 82.091:885.4:882  |2 1997 
080 |a 885.4.091:882  |2 1997 
080 |a 882.091:885.4  |2 1997 
080 |a 82.035:882  |2 1997 
080 |a 82(091):885.4  |2 1997 
100 1 |a Červeňák, Andrej,  |d 1932-2012  |4 aut  |9 153402 
245 1 0 |a Slovensko-ruské relácie  |c Andrej Červeňák 
300 |b Fotogr. 
504 |a Biogr. údaje 
600 1 7 |a Puškin, Aleksandr Sergejevič,  |d 1799-1837  |2 snkbucl  |9 16675 
650 0 7 |a ruská literatúra  |2 snkbucl  |9 1204 
650 0 7 |a slovenská literatúra  |2 snkbucl  |9 1115 
650 0 7 |a literárny preklad  |2 snkbucl  |9 28595 
650 0 7 |a preklady do slovenčiny  |2 snkbucl  |9 59836 
655 7 |a články z novín a časopisov  |2 snkbucl  |9 267496 
773 0 |t Literika  |g Roč. 3, č. 3 (1998), s. 41-45  |x 1335-180X 
850 |a Slovenská národná knižnica 
852 |a Slovenská národná knižnica 
954 |a odborná, vedecká literatúra pôvodná (slovenská)  |2 lita 
958 |a article27 
958 |a LX 
958 |a SK 
958 |a RU 
958 |a OND 
958 |a EUIPO 
999 |c 3022011  |d 3023941